000 00390nam a2200145Ia 4500
008 210210b1970 xxu||||| |||| 00| 0 eng d
082 _a500.2 MARS
100 _aMARSHALL CAVENDISH
245 _aWorld of shape and number fundamentals of mathematics.
260 _aLondon
_bMarshall Cavendish
_c1970
300 _a64
650 _ashape number
690 _aPure Sciences
906 _a029521
999 _c80735
_d80735